000 00486nam a2200133Ia 4500
008 191206s9999 xx 000 0 und d
020 _a908307551
090 _aGN861P36
245 0 _aAspects of African archaeology: Papers from the 10th Congress of the PanAfrican Association for Prehistory and Related Studies
260 _aUniversity of Zimbabwe Publications
260 _cc1996
300 _a"xiv, 857 p. : ill., maps ; 25 cm."
999 _c15513
_d15513